| 000 | 00409nam a2200157Ia 4500 | ||
|---|---|---|---|
| 008 | 231217s9999 xx 000 0 und d | ||
| 041 | _aEnglish | ||
| 082 | _a658.8 CHA R | ||
| 100 | _aChatterjee, B K | ||
| 245 | 0 | _aMarketing management : a finance emphasis | |
| 250 | _a4th ed. | ||
| 260 |
_c2002 _bJaico _aMumbai |
||
| 300 | _a533 | ||
| 650 | _aMarketing,management,:,finance,emphasis | ||
| 942 | _cAA | ||
| 999 |
_c173372 _d173372 |
||